000 00678nam a22002177a 4500
999 _c22340
_d22340
003 AR-CdUCM
008 190429b ||||| |||| 00| 0 spa d
040 _aMUNICIPALIDAD PROVINCIAL DEL CUSCO
_cBIBLIOTECA MUNICIPAL DEL CUSCO
082 _aTinkuy /N°4/1976
245 _aTinkuy /
260 _aCusco.
_bTinkuy,
_c1976.
300 _a52 páginas. :
_c27 cm.
440 _aTinkuy.
_nN°4, 1976
_947880
505 _aContenido: Antropología económica sus problemas.
650 _aAntropología cusqueña
_945862
650 _aAntropología económica
_947881
650 _aEconomía campesina
_92215
700 _aDalton, George
_947882
942 _2ddc
_cPP
945 _arac